000 01353cam a22004214i 4500
003 PE-LiUPU
005 20260309160525.0
008 150625s1949 xxua r 000 0 eng d
035 _a(Sirsi) a36049
040 _aPE-LiUPU
_bspa
_cPE-LiUPU
_erda
049 _aPRUA
082 0 4 _a220.5
_bK56 1949
_221
082 0 4 _a220
_bJ19 1949
130 _aBiblia.
_lInglés.
_f[1949].
_sKing James Version.
245 1 4 _aThe Holy Bible :
_bContaining the Hebrew and Greek Scriptures traslanted out of the original tongues, and with the former translations diligently compared and revised /
_cKing James Version.
264 1 _aBrooklyn, N.Y. :
_bWatchtower Bible and Tract Society, INC.,
_c[1949].
300 _a1148 páginas :
_bilustraciones ;
_c18 cm
336 _atext
_2rdacontent
337 _aunmediated
_2rdamedia
338 _avolume
_2rdacarrier
505 0 _aBiblia en Inglés.
526 _aSEG42
526 _aSEG41
526 _aSEG40
526 _aSEG39
526 _aP94
526 _aP87
526 _aP86
526 _aP85
526 _aP77
526 _aP76
526 _aP35
630 _aBiblia.
_lInglés.
_f[1949].
_sKing James Version.
942 _2ddc
_cBK
980 _818226
_gJaime Vilcazán Jefe de Análisis Documental
999 _c44079 | 1
_d44079